000 00500nam a2200169Ia 4500
008 210719s2005 xx 000 0 und d
020 _a92-806-3817-3
041 _aeng
082 _a362.795 UNIS
100 _aUNICEF
245 _aState of the worlds children 2005: childhood under threat
260 _aNew York
_c2005
300 _avii,152
_bPB
650 _aProblems of Children
650 _aSocial Work
906 _a2005: ; childhood ; children ; of ; State ; the ; threat ; under ; worlds
999 _c214496
_d214496